| 000 | 00535nam a2200205Ia 4500 | ||
|---|---|---|---|
| 003 | OSt | ||
| 005 | 20220613043657.0 | ||
| 008 | 151021s9999 xx 000 0 und d | ||
| 020 | _a9966790527 | ||
| 040 |
_cMMU _aMMU _beng _dMMU |
||
| 050 | _aPL 8702 .O28 2010 | ||
| 100 | _aObuchi M. Samuel | ||
| 245 | _aMuundo wa kiswahili Ngazi na Vipengele / | ||
| 260 |
_aKijabe : _bA-Frame, _c2010. |
||
| 300 | _axiv, 247 p. : | ||
| 500 | _aIncludes index | ||
| 650 | _aKiswahili | ||
| 700 | _aAyub Mukhwana | ||
| 942 |
_2lcc _cLOAN LOAN |
||
| 999 |
_c14765 _d14765 |
||